Dizajn a evaluácia odporúčacieho systému využívajúceho neurónové siete

Saved in:
Bibliographic Details
Main Author: Brand, Marcel (Author)
Other Authors: Pätoprstá, Romana (Thesis advisor)
Format: Manuscript Book
Language:Slovak
Published: Bratislava : STU v Bratislave FEI, 2025
Subjects:
Online Access:https://opac.crzp.sk/?fn=detailBiblioFormChildQHDQJ&sid=BA75C2D62745AD5727EF9A9ED92F&seo=CRZP-detail-kniha
Tags: Add Tag
No Tags, Be the first to tag this record!

MARC

LEADER 00000ntm a22000003a 4500
001 stuzp101988
003 SK-STU
005 20251105111925.1
007 ta
008 150427s2015----xo-----f-mn---000-0-slo-d
040 |a STU  |b slo 
041 0 |a slo 
044 |a xo 
100 1 |a Brand, Marcel  |u 035000  |4 aut  |U FEI Fakulta elektrotechniky a informatiky  |T FEI Ústav informatiky a matematiky  |X 120391  |U E050  |Y 816  |7 120391 
242 0 1 |a Design and Evaluation of a Neural Recommendation System  |y eng 
245 1 0 |a Dizajn a evaluácia odporúčacieho systému využívajúceho neurónové siete 
260 |a Bratislava :  |b STU v Bratislave FEI,  |c 2025 
300 |a 57 s. 
650 4 |a wébová aplikácia  |2 slo 
650 4 |a odporúčacie systémy  |2 slo 
650 4 |a neurónové siete  |2 slo 
650 4 |a filmy  |2 slo 
650 4 |a web application  |2 eng 
650 4 |a recommender systems  |2 eng 
650 4 |a neural networks  |2 eng 
650 4 |a movies  |2 eng 
700 1 |a Pätoprstá, Romana  |4 ths  |X 72493  |7 72493 
856 4 |u https://opac.crzp.sk/?fn=detailBiblioFormChildQHDQJ&sid=BA75C2D62745AD5727EF9A9ED92F&seo=CRZP-detail-kniha